Mechanika a termomechanika - přehled teorie a úlohy : určeno pro posl. fak. elektrotechn. /

Main Author: Raček, Jiří, 1943-
Language: Czech
Published: Brno : VUT, 1985
Edition: 1. vyd.
Series: Učební texty vysokých škol
Physical Description: 137 s. : obr., tb. ; 30 cm
Book
Saved in:
LEADER 01897nam a22004092a 4500
001 000645344
003 CZ BrMZK
005 20071102064226.0
007 ta
008 030113s1985 xr a f 000 m cze d
020 |q (Brož.) :  |c 11 Kčs 
040 |a ABA001  |b cze  |d BOA001  |d ABA001 
080 9 |a 533 
080 9 |a 536.7 
080 9 |a 531 
080 9 |a 532 
100 1 |a Raček, Jiří,  |d 1943-  |7 jn20010309138  |4 aut 
245 1 0 |a Mechanika a termomechanika - přehled teorie a úlohy :  |b určeno pro posl. fak. elektrotechn. /  |c Jiří Raček 
250 |a 1. vyd. 
260 |a Brno :  |b VUT,  |c 1985 
300 |a 137 s. :  |b obr., tb. ;  |c 30 cm 
490 1 |a Učební texty vysokých škol 
504 |a Obsahuje bibliografii 
500 |a 220 výt. 
655 7 |a učebnice vysokých škol  |7 fd133772  |2 czenas 
830 0 |a Učební texty vysokých škol 
910 |a BOA001  |b TK-A-0224.091  |b 4-0891.789 
990 |a BK 
996 6 |b 2619910135  |c 4-0891.789  |l MZK  |r Sklad / do 1 hodiny  |n 0  |w 000645344  |u 000120  |a 1  |e BOA001  |j MZK50  |s P 
996 7 |b 2619999526  |c 4-0891.789  |l MZK  |r Sklad / do 1 hodiny  |n 2  |w 000645344  |u 000110  |a 1  |e BOA001  |j MZK50  |s A 
996 7 |b 2629971858  |c TK-A-0224.091  |l MZK  |r Sklad / do 24 hodin  |n 8  |w 000645344  |u 000090  |a 1  |e BOA001  |j MZK50  |s A 
996 7 |b 2629978143  |c TK-A-0224.091  |l MZK  |r Sklad / do 24 hodin  |n 6  |w 000645344  |u 000010  |a 1  |e BOA001  |j MZK50  |s A 
996 7 |b 2629978252  |c TK-A-0224.091  |l MZK  |r Sklad / do 24 hodin  |n 16  |w 000645344  |u 000100  |a 1  |e BOA001  |j MZK50  |s A 
996 7 |b 2629978863  |c TK-A-0224.091  |l MZK  |r Sklad / do 24 hodin  |n 2  |w 000645344  |u 000020  |a 1  |e BOA001  |j MZK50  |s A 
996 7 |b 2629982518  |c TK-A-0224.091  |l MZK  |r Sklad / do 24 hodin  |n 3  |w 000645344  |u 000080  |a 1  |e BOA001  |j MZK50  |s A 
996 6 |b BC-111569  |c TK-A-0224.091  |l MZK  |r Sklad / do 24 hodin  |n 0  |w 000645344  |u 000050  |a 1  |e BOA001  |j MZK50  |s P 
996 6 |b BC-111570  |c TK-A-0224.091  |l MZK  |r Sklad / do 24 hodin  |n 0  |w 000645344  |u 000060  |a 1  |e BOA001  |j MZK50  |s P